Materia. (Registro nro. 2649)
[ vista simple ]
| 000 -LEADER | |
|---|---|
| fixed length control field | 01480nam a2200205 a 4500 |
| 008 - CAMPO DE CONTROL (LIBRO) | |
| fixed length control field | 161215e2007 ag a|||g |||| 001 0dspa d |
| 020 ## - INTERNATIONAL STANDARD BOOK NUMBER | |
| ISBN | S/N |
| 041 ## - CODIGO DE IDIOMA | |
| Código de idioma del texto/pista de sonido o título separado | spa |
| 092 ## - SIGNATURA TOPOGRAFICA DEWEY LOCAL | |
| número de clasificación | 750 |
| libristica | 54 |
| sección | MUÑ |
| 100 1# - ENTRADA PRINCIPAL--NOMBRE PERSONAL | |
| Nombre personal | Muñoz, Ramón Oscar |
| 9 (RLIN) | 3511 |
| 245 ## - TITULO PROPIAMENTE DICHO | |
| Título | Materia. |
| Subtítulo y Título paralelo | Obras 2004 - 2007 / |
| Mención de responsabilidad y remanente de la transcripción de la portada | Ramón O. Muñoz. |
| 250 ## - MENCION DE EDICION | |
| Mención de edición | 1a ed. |
| Mención de responsabilidad relacionada con la ed. | Fotografía: Sandra Poggi. |
| 260 ## - PIE DE IMPRENTA | |
| Lugar de publicación, distribución, etc | Neuquén: |
| Nombre de la editorial, distribuidor, etc | Punto Aparte; |
| Fecha de publicación | 2007. |
| 300 ## - DESCRIPCION FISICA | |
| Extension | 64 p. |
| 500 ## - NOTA GENERAL | |
| Nota general | Muñoz, R. O. (2007). Materia. Obras 2004-2007. (1a ed.). Neuquén : Punto Aparte. |
| 505 ## - NOTA DE CONTENIDO | |
| Nota de contenido formateada | Es una satisfacción y un deleite contar en nuestra provincia con un autodidacta que ha ido comprendiendo el mundo circundante, el más cercano y concreto y el del alma. En sus obras se trasluce la historia propia de estas tierras, las historias tejidas en el cuerpo social de nuestra cultura, que a través de técnicas milenarias fue transformando en interpretaciones de identidad. Una vida con tramas que conforman espacios, de calor, de frío, de oscuridad y de luz. Una luz intensa transmitida desde sus telas vibrantes y enérgicas. Todas estas variantes forman la materia de la que estamos hechos. La materia pendiente que puede representarse en el cruce de las líneas, los colores y las sugerencias. Hoy nos entrega este trabajo uno de los principales artistas plásticos de Neuquén, que con firmeza y constancia sostuvo sus sueños. |
| 590 ## - NOTAS LOCALES (RLIN) | |
| Nota local | Donación Maria Vitarelli, Diciembre 2017. |
| 655 ## - MATERIA - GENERO/FORMA | |
| Género/Forma | Fotografia |
| -- | 3512 |
| 942 ## - ADDED ENTRY ELEMENTS (KOHA) | |
| Source of classification or shelving scheme | Dewey Decimal Classification |
| Item type | Libros |
| Estado de retiro | Existencia | Fuente de clasificación | Estado general | No para prestamo | Ubicación permanente | ubicación actual | Sala de ubicación | Fecha de adquisición | Fuente de adquisición | Total Checkouts | Número de clasificación | Código de barras | Date last seen | Número de ejemplar | Price effective from | Koha tipo de elemento (item) | Public note |
|---|---|---|---|---|---|---|---|---|---|---|---|---|---|---|---|---|---|
| Dewey Decimal Classification | Biblioteca Medicina | Biblioteca Medicina | Circulación | 07/02/2018 | Donación María Vitarelli, Diciembre 2017 | 750 54 MUÑ | 4170 | 07/02/2018 | Ej. 1 | 07/02/2018 | Libros | Proyecto 4to libro. Donación María Vitarelli, Diciembre 2017.. |